MARC details
| 000 -LEADER |
| campo de control de longitud fija |
02114nam a2200361 i 4500 |
| 001 - NÚMERO DE CONTROL |
| campo de control |
180974 |
| 003 - IDENTIFICADOR DE NÚMERO DE CONTROL |
| campo de control |
ES-MaACL |
| 005 - FECHA Y HORA DE LA ÚLTIMA TRANSACCIÓN |
| campo de control |
20240317063007.0 |
| 008 - DATOS DE LONGITUD FIJA--INFORMACIÓN GENERAL |
| campo de control de longitud fija |
120921s2011 sp |||| | spa d |
| 017 ## - NÚMERO DE COPYRIGHT O DE DEPÓSITO LEGAL |
| Número de copyright o de depósito legal |
SE 4566-2011 |
| Agencia que asigna |
Oficina Depósito Legal Sevilla |
| 020 ## - NÚMERO INTERNACIONAL ESTÁNDAR DEL LIBRO |
| Número Internacional Estándar del Libro |
9788415335030 |
| 040 ## - FUENTE DE CATALOGACIÓN |
| Centro/agencia transcriptor |
ES-MaACL |
| 080 ## - NÚMERO DE LA CLASIFICACIÓN DECIMAL UNIVERSAL |
| Número de la Clasificación Decimal Universal |
821.134.2-31"19" |
| 080 ## - NÚMERO DE LA CLASIFICACIÓN DECIMAL UNIVERSAL |
| Número de la Clasificación Decimal Universal |
929 Zendal, Isabel (0:82) |
| 100 1# - ENTRADA PRINCIPAL--NOMBRE DE PERSONA |
| Nombre de persona |
Arias Bautista, María Teresa |
| 9 (RLIN) |
146469 |
| Término indicativo de función/relación |
Autor |
| 245 13 - MENCIÓN DEL TÍTULO |
| Título |
La aventura ultramarina de Isabel Sendales / |
| Mención de responsabilidad, etc. |
María Teresa Arias Bautista. |
| 250 ## - MENCION DE EDICION |
| Mención de edición |
1ª ed. en Palabras dobladas. |
| 260 ## - PUBLICACIÓN, DISTRIBUCIÓN, ETC. |
| Lugar de publicación, distribución, etc. |
[Sevilla] : |
| Nombre del editor, distribuidor, etc. |
ArCiBel, |
| Fecha de publicación, distribución, etc. |
2011. |
| 300 ## - DESCRIPCIÓN FÍSICA |
| Extensión |
622 páginas ; |
| Dimensiones |
22 cm. |
| 490 1# - MENCIÓN DE SERIE |
| Mención de serie |
Palabras dobladas |
| 504 ## - NOTA DE BIBLIOGRAFÍA, ETC. |
| Nota de bibliografía, etc. |
Bibliografía: p. 615-622. |
| 520 ## - RESUMEN, ETC. |
| Sumario, etc. |
La Real Expedición Filantrópica de la Vacuna, auspiciada por Carlos IV, puede ser considerada la primera misión humanitaria de la historia. Con ser este un hecho de relevancia extrema, apenas tenemos noticias de sus intérpretes. Isabel Sendales, protagonista de esta novela, fue la rectora de la casa coruñesa de expósitos de la que salieron los niños vacuníferos hacia el otro lado del mar. Agregada a la expedición en el último momento como enfermera -primera mujer española que recibió tal título y sueldo-, permaneció durante 7 años al cuidado de los sucesivos grupos de chiquillos que fueron necesarios para poder dar cumplimiento al compromiso de España con sus colonias: erradicar un mal que, si no producía la muerte, dejaba sobre sus víctimas unas indelebles y terribles marcas |
| 600 14 - PUNTO DE ACCESO ADICIONAL DE MATERIA--NOMBRE DE PERSONA |
| Nombre de persona |
Zendal, Isabel- |
| Subdivisión de forma |
Novelas |
| 9 (RLIN) |
174266 |
| 600 14 - PUNTO DE ACCESO ADICIONAL DE MATERIA--NOMBRE DE PERSONA |
| Nombre de persona |
Balmis, Francisco Javier. |
| 9 (RLIN) |
25099 |
| 611 24 - PUNTO DE ACCESO ADICIONAL DE MATERIA--NOMBRE DE REUNIÓN/CONGRESO |
| Nombre de congreso/reunión o jurisdicción como elemento de entrada |
Expedición Marítima de la Vacuna (. |
| Fecha del congreso o de la firma del tratado |
1803-1810) |
| 9 (RLIN) |
162901 |
| 650 #4 - PUNTO DE ACCESO ADICIONAL DE MATERIA--TÉRMINO DE MATERIA |
| Término de materia o nombre geográfico como elemento de entrada |
Viruela- |
| Subdivisión general |
Vacunación- |
| Subdivisión de forma |
Historia. |
| 9 (RLIN) |
17831 |
| 830 ## - PUNTO DE ACCESO ADICIONAL DE SERIE-TÍTULO UNIFORME |
| Título uniforme |
Palabras dobladas |
| 9 (RLIN) |
191391 |
| 852 4# - LOCALIZACIÓN |
| Ubicación |
ES-MaACL |
| Sublocalización o colección |
R.148273 |
| Ubicación en estantería |
Depósito 1 |
| Signatura antigua |
Olim: N-5202 |
| Donativo/Legado |
Donación: María Teresa Arias Bautista |
| Número de control de estantería |
A-12197 |
| itemnumber |
187855 |
| 903 ## - NOMBRE PERSONAL DE DONANTE |
| a |
Arias Bautista, María Teresa |
| e |
Donante |
| 9 |
146469 |
| 942 ## - ELEMENTOS DE ENTRADA SECUNDARIOS (KOHA) |
| Tipo de ítem Koha |
Libro impreso |
| Suprimir en OPAC |
No |